[Event "Porto Alegre op"]
[Site "Porto Alegre"]
[Date "2023.05.07"]
[Round "5"]
[White "De Andrade, Lorenzo A Hardtk"]
[Black "Machado, Matheus S Franco"]
[Result "1-0"]
[WhiteElo "1800"]
[BlackElo "1800"]
[PlyCount "115"]
[EventDate "2023.05.05"]
[EventType "swiss"]
[EventRounds "7"]
[EventCountry "BRA"]
[SourceTitle "CBM 214 Extra"]
[Source "ChessBase"]
[SourceDate "2023.07.31"]
[SourceVersion "1"]
[SourceVersionDate "2023.07.31"]
[SourceQuality "1"]

1. Nf3 d5 2. d4 Nf6 3. e3 Bg4 4. Be2 e6 5. Nbd2 Bd6 6. b3 0-0 7. Bb2 c6 8. 0-0 Nbd7 9. Ne5 Bxe2 10. Qxe2 Qc7 11. f4 Ne8 12. Qg4 Nef6 13. Qh4 Qd8 14. Rf3 Ne4 15. Qe1 Bb4 16. c3 Nxc3 17. a3 Nxe5 18. fxe5 Ne4 19. axb4 Nxd2 20. Qxd2 f6 21. exf6 Rxf6 22. Rxf6 Qxf6 23. Rf1 Qe7 24. Bc3 b5 25. Qc2 Rf8 26. Rxf8+ Qxf8 27. Be1 Qd6 28. Qc5 Qxc5 29. bxc5 g5 30. g4 Kf7 31. Kg2 Kf6 32. Bg3 Kg6 33. b4 h5 34. gxh5+ Kxh5 35. Kf3 Kg6 36. Kg4 a6 37. Be5 Kh6 38. Bf6 Kg6 39. Bxg5 Kf7 40. Kf4 Kg6 41. h4 Kh5 42. Bd8 Kg6 43. Ke5 Kh5 44. Kxe6 a5 45. Bxa5 Kxh4 46. Kd6 Kg3 47. Kxc6 Kf3 48. Kxd5 Kxe3 49. c6 Kd3 50. c7 Kc2 51. c8Q+ Kb3 52. Kc5 Ka4 53. d5 Ka3 54. d6 Kb3 55. d7 Ka3 56. d8Q Ka4 57. Qd1+ Ka3 58. Qh3+ 1-0

[Event "Porto Alegre op"]
[Site "Porto Alegre"]
[Date "2023.05.06"]
[Round "2"]
[White "Lobato, Lucas Almeida"]
[Black "De Andrade, Lorenzo A Hardtk"]
[Result "1-0"]
[WhiteElo "1754"]
[BlackElo "1800"]
[PlyCount "83"]
[EventDate "2023.05.05"]
[EventType "swiss"]
[EventRounds "7"]
[EventCountry "BRA"]
[SourceTitle "CBM 214 Extra"]
[Source "ChessBase"]
[SourceDate "2023.07.31"]
[SourceVersion "1"]
[SourceVersionDate "2023.07.31"]
[SourceQuality "1"]

1. e4 c5 2. Nf3 d6 3. d4 cxd4 4. Nxd4 Nf6 5. Nc3 a6 6. Be3 e5 7. Nb3 Be6 8. f3 h5 9. Qd2 Be7 10. Nd5 Bxd5 11. exd5 Qc7 12. 0-0-0 Nbd7 13. Kb1 Rc8 14. Rc1 Nb6 15. c4 0-0 16. Be2 Na4 17. g4 hxg4 18. fxg4 Ne4 19. Qc2 Nec5 20. Nxc5 Nxc5 21. g5 b5 22. Bg4 Rb8 23. g6 Bf6 24. gxf7+ Kxf7 25. Bxc5 Qxc5 26. Qf5 Rh8 27. Qe6+ Kf8 28. cxb5 Re8 29. Rxc5 Rxe6 30. Bxe6 dxc5 31. bxa6 Ke7 32. Rc1 Kd6 33. b4 Rb8 34. a3 cxb4 35. Rc6+ Ke7 36. Rc8 Rb6 37. a7 bxa3+ 38. Ka2 e4 39. a8Q Rb2+ 40. Kxa3 Rb1 41. Qa7+ Kd6 42. Qc7# 1-0